000 00658nam a2200205Ia 4500
003 OSt
005 20260116121813.0
008 210210b2011 xxu||||| |||| 00| 0 eng d
040 _cAL
041 _aKannada
082 _a954.023K SURM
100 _aSURESH RAI (K)
_9114856
_dಸುರೇಶ್ ರೈ.
245 _aMadhyakalina Bharata: Kri sha 1206 rinda 1556
_bಮಧ್ಯಕಾಲೀನ ಭಾರತ : ಕ್ರಿ. ಶ.. ೧೨೦೬ ರಿಂದ ೧೫೫೬
260 _aMangaluru
_bUnited Pablishars.
_c2011
300 _a231
650 _aMedieval India
_9251456
690 _aIndian History
_9114857
906 _a065566
942 _2ddc
_cBK
999 _c145401
_d145401